Score 0/7 Timer 03:00
3 Plays Today
Question Answer Wrong Answers
This playwright and author, often called the 'Bard of Avon', dies of a fever in Stratford-upon-Avon.
1616
William Shakespeare
94.7%
John Milton
1.4%
Francis Bacon
1.8%
John Donne
1%
Following the endorsement of Duke Wilhelm IV of Bavaria, this modern nation enacts beer purity laws that lift sanctions on the ingredients needed to brew beer
1516
Germany
91.4%
Turkey
1.9%
Romania
3.8%
Russia
2.8%
This child actress, who starred in 'Bright Eyes', 'Curly Top', and 'The Little Princess' is born in California.
1928
Shirley Temple
90.4%
Judy Garland
5.1%
Jane Withers
0.9%
Deanna Durbin
0.8%
'Me at the Zoo' becomes the first video uploaded to this popular online video sharing platform.
2005
YouTube
88.6%
Vimeo
5.9%
Veoh
0.8%
LiveLeak
1.2%
This hammerin' slugger, who played most of his career with the Braves, hits his first of 755 career home runs.
1954
Hank Aaron
75%
Stan Musial
3%
Willie Mays
13.4%
Frank Robinson
5.5%
The Coca-Cola Co. introduces this briefly available, largely panned soft drink.
1985
New Coke
71.2%
Vanilla Coke
17.1%
Fanta Citrus
2.3%
Surge
6.1%
US Congress passes Senate Bill 1424, authorizing the creation of reserve forces, for the first time, for this branch.
1908
Army
54.7%
Navy
9.9%
Coast Guard
18.8%
Marine Corps.
14.2%
Remove Ads.
Support Sporcle.
Get the best of Sporcle when you Go Orange. This ad-free experience offers more features, more stats, and more fun while also helping to support Sporcle. Thank you for becoming a member.

You're not logged in!

Compare scores with friends on all Sporcle quizzes.
OR
Log In

Show Comments

Extras

Top Quizzes Today


Score Distribution

Your Account Isn't Verified!

In order to create a playlist on Sporcle, you need to verify the email address you used during registration. Go to your Sporcle Settings to finish the process.

Report this User

Report this user for behavior that violates our Community Guidelines.

Details: